<?xml version="1.0" encoding="UTF-8"?>
<record
    xmlns:xsi="http://www.w3.org/2001/XMLSchema-instance"
    xsi:schemaLocation="http://www.loc.gov/MARC21/slim http://www.loc.gov/standards/marcxml/schema/MARC21slim.xsd"
    xmlns="http://www.loc.gov/MARC21/slim">

  <leader>00263nam a22001097a 4500</leader>
  <datafield tag="040" ind1=" " ind2=" ">
    <subfield code="c">HS</subfield>
  </datafield>
  <datafield tag="082" ind1=" " ind2=" ">
    <subfield code="a">301</subfield>
  </datafield>
  <datafield tag="100" ind1=" " ind2=" ">
    <subfield code="a">&#x17A0;&#x17CA;&#x17B8;&#x1784; &#x179F;&#x17B6;&#x179B;&#x17B8;&#x1793;</subfield>
  </datafield>
  <datafield tag="245" ind1=" " ind2=" ">
    <subfield code="a">&#x179F;&#x1784;&#x17D2;&#x1782;&#x1798;&#x179C;&#x17B7;&#x1791;&#x17D2;&#x1799;&#x17B6;</subfield>
  </datafield>
  <datafield tag="260" ind1=" " ind2=" ">
    <subfield code="a">RUA</subfield>
    <subfield code="b"> &#x17A0;&#x17CA;&#x17B8;&#x1784; &#x179F;&#x17B6;&#x179B;&#x17B8;&#x1793;</subfield>
    <subfield code="c">2006</subfield>
  </datafield>
  <datafield tag="942" ind1=" " ind2=" ">
    <subfield code="c">KB</subfield>
  </datafield>
  <datafield tag="999" ind1=" " ind2=" ">
    <subfield code="c">8445</subfield>
    <subfield code="d">8445</subfield>
  </datafield>
  <datafield tag="952" ind1=" " ind2=" ">
    <subfield code="0">0</subfield>
    <subfield code="1">0</subfield>
    <subfield code="4">0</subfield>
    <subfield code="6">301_000000000000000_&#x17A0;&#x17B8;&#x1784;_2006_C193</subfield>
    <subfield code="7">0</subfield>
    <subfield code="9">48416</subfield>
    <subfield code="a">LBC</subfield>
    <subfield code="b">LBC</subfield>
    <subfield code="c">C193</subfield>
    <subfield code="d">2016-08-01</subfield>
    <subfield code="o">301 &#x17A0;&#x17CA;&#x17B8;&#x1784; 2006 C193</subfield>
    <subfield code="p">RUA034886</subfield>
    <subfield code="r">2016-08-01</subfield>
    <subfield code="y">KB</subfield>
  </datafield>
  <datafield tag="952" ind1=" " ind2=" ">
    <subfield code="0">0</subfield>
    <subfield code="1">0</subfield>
    <subfield code="4">0</subfield>
    <subfield code="6">301_000000000000000_&#x17A0;&#x17B8;&#x1784;_2006_C195</subfield>
    <subfield code="7">0</subfield>
    <subfield code="9">48417</subfield>
    <subfield code="a">LBC</subfield>
    <subfield code="b">LBC</subfield>
    <subfield code="c">C195</subfield>
    <subfield code="d">2016-08-01</subfield>
    <subfield code="o">301 &#x17A0;&#x17CA;&#x17B8;&#x1784; 2006 C195</subfield>
    <subfield code="p">RUA034823</subfield>
    <subfield code="r">2016-08-01</subfield>
    <subfield code="y">KB</subfield>
  </datafield>
  <datafield tag="952" ind1=" " ind2=" ">
    <subfield code="0">0</subfield>
    <subfield code="1">0</subfield>
    <subfield code="4">0</subfield>
    <subfield code="6">301_000000000000000_&#x17A0;&#x17B8;&#x1784;_2006_C194</subfield>
    <subfield code="7">0</subfield>
    <subfield code="9">48418</subfield>
    <subfield code="a">LBC</subfield>
    <subfield code="b">LBC</subfield>
    <subfield code="c">C194</subfield>
    <subfield code="d">2016-08-01</subfield>
    <subfield code="o">301 &#x17A0;&#x17CA;&#x17B8;&#x1784; 2006 C194</subfield>
    <subfield code="p">RUA037394</subfield>
    <subfield code="r">2016-08-01</subfield>
    <subfield code="y">KB</subfield>
  </datafield>
  <datafield tag="952" ind1=" " ind2=" ">
    <subfield code="0">0</subfield>
    <subfield code="1">0</subfield>
    <subfield code="4">0</subfield>
    <subfield code="6">301_000000000000000_&#x17A0;&#x17B8;&#x1784;_2006_C195</subfield>
    <subfield code="7">0</subfield>
    <subfield code="9">48419</subfield>
    <subfield code="a">LBC</subfield>
    <subfield code="b">LBC</subfield>
    <subfield code="c">C195</subfield>
    <subfield code="d">2016-08-01</subfield>
    <subfield code="o">301 &#x17A0;&#x17CA;&#x17B8;&#x1784; 2006 C195</subfield>
    <subfield code="p">RUA035228</subfield>
    <subfield code="r">2016-08-01</subfield>
    <subfield code="y">KB</subfield>
  </datafield>
</record>
